|
|
|
|
| LEADER |
00000nam a2200000Ii 4500 |
| 001 |
DIGLINK00590 |
| 003 |
NyNyDIG |
| 006 |
m o d |
| 007 |
cr ||||||||||| |
| 008 |
140101s2011 sp o 000 0 spa d |
| 020 |
|
|
|a 9788498970395
|q (eBook)
|
| 020 |
|
|
|z 9788496428157
|
| 040 |
|
|
|a DGITA
|b eng
|e pn
|c DGITA
|
| 043 |
|
|
|a s------
|
| 050 |
1 |
4 |
|a F2235.3 eBook
|
| 100 |
1 |
|
|a Bolívar, Simón,
|d 1783-1830.
|
| 245 |
1 |
0 |
|a Discursos /
|c Simón Bolívar.
|
| 264 |
|
1 |
|a Barcelona :
|b www.Linkgua.com,
|c 2011.
|
| 300 |
|
|
|a 1 online resource (32 pages)
|
| 336 |
|
|
|a text
|b txt
|2 rdacontent
|
| 337 |
|
|
|a computer
|b c
|2 rdamedia
|
| 338 |
|
|
|a online resource
|b cr
|2 rdacarrier
|
| 490 |
1 |
|
|a Diferencias.
|
| 505 |
0 |
|
|a Yanes y Mendoza, IV, 175 convocatorias del congreso de Panamá -- Brigadier de la Unión, general en jefe del ejército del norte, libertador de Venezuela -- Gaceta de Colombia, n° 9, 4 de octubre de 1821. Discurso pronunciado ante el Congreso de Colombia -- Blanco y Azpúrua, III, 138. Discurso pronunciado en la Sociedad Patriótica de Caracas, el 4 de julio de 1811 -- Manifiesto de Carúpano libertador de Venezuela y general en jefe de sus ejércitos -- Gaceta de Colombia. n° 449, 24 de enero de 1830. Mensaje al congreso constituyente de la República de Colombia en 1830 -- Discurso libertador al Congreso Constituyente de Bolivia -- Imprenta del venezolano mi delirio sobre el Chimborazo -- Gaceta de Colombia. n° 110. 23 de noviembre de 1823. Palabras dirigidas al Congreso de Perú, el 13 de septiembre de 1823 -- Yanes y Mendoza. I, 176 jefe supremo de la República, capitán general de los ejércitos de Venezuela y de Nueva Granada, &., &. -- Brigadier de la Unión, general en jefe del ejército del norte, libertador de Venezuela -- Gaceta de Colombia, n° 9, 4 de octubre de 1821. Discurso pronunciado ante el Congreso de Colombia, en la Villa del Rosario de Cúcuta -- Blanco y Azpúrua, III, 138. Discurso pronunciado en la Sociedad Patriótica de Caracas, el 4 de julio de 1811 -- Gaceta de Colombia. n° 449, 24 de enero de 1830. Mensaje al Congreso Constituyente de la República de Colombia en 1830 -- Gaceta de Colombia. n° 110. 23 de noviembre de 1823. Palabras dirigidas al Congreso de Perú el 13 de septiembre de 1823.
|
| 651 |
|
0 |
|a Latin America
|x Politics and government
|y 1806-1830
|v Sources
|
| 651 |
|
0 |
|a South America
|x History
|y Wars of Independence, 1806-1830
|v Sources.
|
| 655 |
|
0 |
|a Electronic books.
|
| 791 |
2 |
|
|a Digitalia (Firm),
|e distributor.
|
| 830 |
|
0 |
|a Diferencias (Linkgua Ediciones)
|
| 793 |
0 |
|
|g Digitalia eBook Collection:
|a Linkgua.
|
| 856 |
4 |
0 |
|3 Digitalia Hispánica
|u https://www.digitaliapublishing.com/a/15126/
|
| 910 |
|
|
|a Premium Collection: 2007-2012
|